[Event "Skopje Mitrov Tikata Memorial"]
[Site "Skopje"]
[Date "2015.11.08"]
[Round "2"]
[White "Georgiev, Kiril"]
[Black "Veselinov, Dimcho"]
[Result "1-0"]
[WhiteElo "2627"]
[BlackElo "2112"]
[PlyCount "69"]
[EventDate "2015.11.08"]
[EventType "swiss (rapid)"]
[EventRounds "9"]
[EventCountry "MKD"]
[SourceTitle "CBM 169 Extra"]
[Source "ChessBase"]
[SourceDate "2015.12.18"]
[SourceVersion "1"]
[SourceVersionDate "2015.12.18"]
[SourceQuality "1"]

1. d4 Nf6 2. Nf3 d5 3. Bf4 g6 4. e3 Bg7 5. c4 0-0 6. Nc3 c6 7. h3 Nbd7 8. cxd5 Nxd5 9. Bg3 Nxc3 10. bxc3 Qa5 11. Qd2 e5 12. Rc1 Re8 13. Be2 exd4 14. cxd4 Qxd2+ 15. Nxd2 Nb6 16. Nb3 Be6 17. Rc2 Bd5 18. 0-0 Be4 19. Rd2 Nd7 20. Rc1 Rac8 21. Bf3 b6 22. Bxe4 Rxe4 23. Rdc2 c5 24. dxc5 bxc5 25. Nxc5 Nxc5 26. Rxc5 Ra8 27. Rc8+ Re8 28. R8c7 Be5 29. Bxe5 Rxe5 30. Rb7 Ra5 31. Rcc7 Rxa2 32. Rxf7 a5 33. Rg7+ Kh8 34. Rxh7+ Kg8 35. Rbg7+ 1-0

[Event "Blagoevgrad op"]
[Site "Blagoevgrad"]
[Date "2013.10.01"]
[Round "6"]
[White "Ivanov, Docho"]
[Black "Veselinov, Dimcho"]
[Result "0-1"]
[WhiteElo "1854"]
[BlackElo "2124"]
[PlyCount "110"]
[EventDate "2013.09.28"]
[EventType "swiss"]
[EventRounds "9"]
[EventCountry "BUL"]
[SourceTitle "CBM 156 Extra"]
[Source "ChessBase"]
[SourceDate "2013.10.22"]
[SourceVersion "1"]
[SourceVersionDate "2013.10.22"]
[SourceQuality "1"]

1. c4 Nf6 2. d4 b6 3. Nc3 Bb7 4. e3 g6 5. Nf3 Bg7 6. Be2 0-0 7. 0-0 d5 8. cxd5 Nxd5 9. Bd2 Nd7 10. Qb3 e6 11. Rac1 c5 12. Rfd1 Qe7 13. Na4 cxd4 14. e4 N5f6 15. Bb4 Qd8 16. Bxf8 Qxf8 17. Nxd4 Bxe4 18. Bf3 Bxf3 19. Nxf3 Nd5 20. Qb5 N7f6 21. Nc3 Nxc3 22. bxc3 Rc8 23. g3 Ne4 24. c4 Nc3 25. Qa6 Ne2+ 26. Kg2 Nxc1 27. Rxc1 Rc7 28. Rd1 Bf6 29. Qb5 Qc5 30. Qe8+ Kg7 31. Rd7 Rxd7 32. Qxd7 a5 33. Qd3 h6 34. h3 Qb4 35. Qb3 Qxb3 36. axb3 Bc3 37. Ng1 e5 38. Ne2 Bb2 39. Kf3 f5 40. g4 Kf6 41. Ng3 Bd4 42. Nf1 e4+ 43. Ke2 f4 44. h4 g5 45. h5 Ke5 46. Ke1 Bc3+ 47. Ke2 Kd4 48. Nh2 Kc5 49. Kd1 Kb4 50. Kc2 Bd4 51. Nf1 Bxf2 52. Nd2 e3 53. Ne4 a4 54. bxa4 Kxc4 55. Nd6+ Kd5 0-1

[Event "Blagoevgrad op"]
[Site "Blagoevgrad"]
[Date "2013.09.29"]
[Round "3"]
[White "Veselinov, Dimcho"]
[Black "Spasova, Tsvetelina"]
[Result "1-0"]
[WhiteElo "2124"]
[BlackElo "1765"]
[PlyCount "63"]
[EventDate "2013.09.28"]
[EventType "swiss"]
[EventRounds "9"]
[EventCountry "BUL"]
[SourceTitle "CBM 156 Extra"]
[Source "ChessBase"]
[SourceDate "2013.10.22"]
[SourceVersion "1"]
[SourceVersionDate "2013.10.22"]
[SourceQuality "1"]

1. e4 c5 2. Nc3 Nc6 3. f4 d6 4. Nf3 g6 5. Bb5 Bd7 6. 0-0 Bg7 7. d3 e6 8. Qe1 Nge7 9. Bxc6 Bxc6 10. Be3 b5 11. e5 Nf5 12. Ne4 Bxe4 13. dxe4 Nxe3 14. Qxe3 Qc7 15. exd6 Qxd6 16. e5 Qc7 17. Ng5 0-0 18. Ne4 c4 19. Rad1 Rfd8 20. Qc5 Qxc5+ 21. Nxc5 Rdc8 22. Ne4 Bf8 23. Rd7 Rd8 24. Rfd1 Rxd7 25. Rxd7 h6 26. Kf2 Bb4 27. Ke3 Ba5 28. Nd6 Bb6+ 29. Ke4 Bc5 30. Nxf7 h5 31. Rd8+ Rxd8 32. Nxd8 1-0

[Event "Veliko Tarnovo op"]
[Site "Veliko Tarnovo"]
[Date "2013.05.06"]
[Round "9"]
[White "Gazis, Efstathios"]
[Black "Veselinov, Dimcho"]
[Result "0-1"]
[WhiteElo "2279"]
[BlackElo "2104"]
[PlyCount "120"]
[EventDate "2013.05.01"]
[EventType "swiss"]
[EventRounds "9"]
[EventCountry "BUL"]
[SourceTitle "CBM 154 Extra"]
[Source "ChessBase"]
[SourceDate "2013.06.25"]
[SourceVersion "2"]
[SourceVersionDate "2013.06.25"]
[SourceQuality "1"]

1. e4 e6 2. d4 d5 3. exd5 exd5 4. c4 Nf6 5. Nc3 Nc6 6. Nf3 Bg4 7. Be3 Be7 8. h3 Be6 9. Ne5 0-0 10. Be2 dxc4 11. Nxc4 Nb4 12. 0-0 Nbd5 13. Bg5 Re8 14. Re1 c6 15. Bf1 Qc7 16. Rc1 Ng4 17. hxg4 Bxg5 18. Ra1 Rad8 19. Ne4 Be7 20. a3 Nf6 21. Ne5 Qb6 22. Ng5 Rxd4 23. Qc2 Bb3 24. Qf5 g6 25. Qf3 Kg7 26. Rac1 h6 27. Nh3 Bd5 28. Qc3 g5 29. b4 Be6 30. Kh1 Nd5 31. Qf3 Bf6 32. Nc4 Qc7 33. Re4 Rxe4 34. Qxe4 Nf4 35. Ne3 Nxh3 36. gxh3 Qf4 37. Qxf4 gxf4 38. Nc4 Rd8 39. Bg2 Rd3 40. Na5 Bb2 41. Rb1 Bxa3 42. Nxb7 Bd5 43. Na5 Rxh3+ 44. Kg1 Rc3 45. Bxd5 cxd5 46. Rd1 Bxb4 47. Rxd5 Rc5 48. Rxc5 Bxc5 49. Kg2 Kf6 50. Kf3 Kg5 51. Nb3 Bb6 52. Nd2 f5 53. gxf5 Kxf5 54. Kg2 a5 55. Nc4 Bc7 56. Nb2 Be5 57. Na4 Bd4 58. f3 Ke5 59. Kh3 Kd5 60. Kg4 Kc4 0-1

[Event "Plovdiv Tringov Memorial 35th"]
[Site "Plovdiv"]
[Date "2013.02.04"]
[Round "2"]
[White "Grigorov, Grigor"]
[Black "Veselinov, Dimcho"]
[Result "1-0"]
[WhiteElo "2513"]
[BlackElo "2094"]
[PlyCount "93"]
[EventDate "2013.02.03"]
[EventType "swiss"]
[EventRounds "9"]
[EventCountry "BUL"]
[SourceTitle "CBM 152 Extra"]
[Source "ChessBase"]
[SourceDate "2013.02.25"]
[SourceVersion "1"]
[SourceVersionDate "2013.02.25"]
[SourceQuality "1"]

1. d4 Nf6 2. c4 b6 3. Nf3 Bb7 4. Nc3 g6 5. Qc2 Bg7 6. e4 d6 7. Be2 0-0 8. 0-0 Nbd7 9. Rd1 c6 10. h3 Qc7 11. Bg5 e5 12. d5 h6 13. Be3 c5 14. a3 a6 15. Qd2 Kh7 16. Bd3 Qd8 17. b4 Qe7 18. Rab1 Rab8 19. Rb3 Bc8 20. Rdb1 Ra8 21. bxc5 bxc5 22. Ne2 Nh5 23. Bc2 g5 24. Ng3 Nxg3 25. fxg3 g4 26. Nh4 Nf6 27. Kh2 Rg8 28. Qf2 Bf8 29. Nf5 Qd8 30. Rf1 Rg6 31. Nh4 Bg7 32. Nxg6 fxg6 33. h4 Ra7 34. Bd3 Rb7 35. Rxb7 Bxb7 36. Qb2 Bc8 37. Qb8 Ne8 38. Rf7 Kg8 39. Ra7 Bf6 40. Bf2 h5 41. Bc2 Kf8 42. Ba4 Be7 43. Bc6 g5 44. Ra8 Nc7 45. Qxc8 Nxa8 46. Qxd8+ Bxd8 47. Bxa8 1-0

[Event "Ognjanovo Strugov Memorial"]
[Site "Ognjanovo"]
[Date "2010.04.18"]
[Round "7"]
[White "Veselinov, Dimcho"]
[Black "Mladenov, Emil"]
[Result "0-1"]
[WhiteElo "2022"]
[BlackElo "2181"]
[PlyCount "48"]
[EventDate "2010.04.16"]
[EventType "swiss"]
[EventRounds "7"]
[EventCountry "BUL"]
[SourceTitle "CBM 135 Extra"]
[Source "ChessBase"]
[SourceDate "2010.05.04"]
[SourceVersion "1"]
[SourceVersionDate "2010.05.04"]
[SourceQuality "1"]

1. e4 d5 2. exd5 Qxd5 3. Nc3 Qa5 4. d4 Nf6 5. g3 c6 6. Bg2 Bg4 7. Nge2 e6 8. 0-0 Be7 9. h3 Bf5 10. g4 Bg6 11. Ng3 h5 12. g5 Nfd7 13. h4 Na6 14. a3 Nc7 15. b4 Bxb4 16. Nce4 Be7 17. c4 0-0-0 18. Bd2 Qa6 19. Bb4 Rhe8 20. Bxe7 Rxe7 21. Nd6+ Kb8 22. Qb3 Nb6 23. c5 Nbd5 24. Be4 Bxe4 0-1